Z dejín výrobného družstevníctva na Slovensku

Bibliographic Details
Main Author: Milov, M. J., 1913-1978 (Author)
Format: Book
Language:Slovak
PhysicalDescription:162, [4] s. 8°
Published: Bratislava Svépomoc 1971
Edition:1. vyd.
Subjects:

MARC

LEADER 00000cam a2200000 a 4500
001 vtls008331166
003 SK-MaSNL
005 20260302003738.0
008 250312s1971 xo n 000 0 slo
015 |a SNBA1971/02-00456 
020 |q (brožované) 
035 |a SK01SNK19710023383 
035 |a 8663BBDE-9D9C-4966-A5D3-0EA938F40F15 
035 |a urn:nbn:sk:snk-am00icze 
035 |a SKM000025846 
040 |a SNK  |b slo  |c SNK  |e AACR2 
041 0 |a slo 
043 |a e-xo--- 
044 |a xo  |c SK 
080 |a 334.6(437.6)(091)"1307/1845"  |2 1981 
100 1 |a Milov, M. J.,  |d 1913-1978  |4 aut  |9 212729 
245 1 0 |a Z dejín výrobného družstevníctva na Slovensku  |c M.J. Milov 
250 |a 1. vyd. 
260 |a Bratislava  |b Svépomoc  |c 1971  |e Nitra  |f Nitrianske tlačiarne 
300 |a 162, [4] s.  |c 8° 
500 |a Obsahuje bibliografiu a bibliografické odkazy 
500 |a Vydala Svépomoc, vydavateľský nakladateľský a propagačný podnik ÚRD Praha, slovenská redakcia, Bratislava 
650 0 7 |a výrobné družstvá  |2 SNKPH  |9 2136 
651 7 |a Slovensko  |x dejiny  |2 SNKPHgeo  |9 13278 
655 7 |a príručky  |2 SNKPH  |9 74364 
852 |a Slovenská národná knižnica 
954 |a odborná, vedecká literatúra pôvodná (slovenská)  |2 lita 
958 |a OND 
958 |a RK 
958 |a NB 
999 |c 993166  |d 995096 
952 |a SNK  |b SNK  |y PREZ  |7 0  |p 17A0938691  |o snkSC 27073  |i snkKSP 2100/71  |0 0  |1 0  |4 0  |d 2012-09-07  |f 1  |l 0  |r 2025-09-11 00:00:00  |w 2026-02-24 
952 |a SNK  |b SNK  |y VYP  |7 0  |p 17A0481317  |o snkSC 27073 D1  |i snkKSP 2101/71  |3 Rekatalogizácia  |0 0  |1 0  |4 0  |d 2005-08-10  |l 0  |r 2026-02-24 11:55:30  |w 2026-02-24